[Event "ROU-ch Men 2018"]
[Site "Olanesti"]
[Date "2018.05.22"]
[Round "9"]
[White "Anton, Teodor"]
[Black "Nevednichy, Vladislav"]
[Result "1/2-1/2"]
[WhiteElo "2426"]
[BlackElo "2532"]
[Annotator "TA"]
[PlyCount "89"]
[EventDate "2018.??.??"]
[EventType "swiss"]
[EventCountry "ROU"]
[SourceTitle "playchess.com"]
[Source "ChessBase"]
[SourceQuality "1"]

{[%evp 9,89,7,19,-13,-10,-5,15,10,23,0,0,0,0,0,0,0,1,0,0,0,9,0,0,0,45,41,54,55,64,51,68,59,125,125,125,125,125,130,112,12,30,16,33,0,0,0,0,-21,-29,-53,-45,-52,-46,-35,0,0,0,0,0,0,0,0,0,0,0,0,0,0,0,0,18,0,0,0,0,0,0,0,0,0,0,0]} 1. Nf3 e6 2. g3 b5 3. e4 (3. Bg2 Bb7 4. O-O c5 5. c3 Nf6 6. d4 cxd4 7. cxd4 Be7 8. Bg5 O-O 9. e3 d6 10. Qe2 Qb6 11. Rc1 Nbd7 12. Nc3 b4 13. Na4 Qa5 14. Bxf6 Nxf6 15. Qd1 Rac8 16. Nd2 Bxg2 17. Kxg2 {½-½ (41) Meier,G (2647)-Lenic,L (2662) chess.com INT 2018}) 3... Bb7 4. d3 d5 5. Qe2 Nf6 {[%cal Rd5e4]} 6. Nbd2 {A04: Unusual lines after 1 Nf3 and King's Indian Attack} Be7 7. Bg2 b4 8. a3 $146 ({Predecessor:} 8. exd5 Bxd5 9. O-O c5 10. Ne5 Bxg2 11. Kxg2 Qd5+ 12. Ndf3 Nc6 13. Kg1 Nxe5 14. Qxe5 Qxf3 {0-1 (42) Shtanko,B-Chernichenko,O Yuzhny 2008}) 8... a5 9. axb4 axb4 10. Rxa8 Bxa8 11. O-O O-O 12. b3 Bb7 13. Bb2 Nbd7 14. Ra1 h6 15. Ne5 Nxe5 16. Bxe5 dxe4 17. Nxe4 Nd5 18. Qg4 {[%csl Ge5][%cal Rg4g7] [#]} g6 19. Ra7 Qb8 20. Ra5 Bc8 (20... Bc6 $14) 21. Rxd5 $16 exd5 22. Qf4 $1 {[%csl LRc7,LRh6]} g5 23. Nf6+ Kg7 {[#]} 24. Qf3 ({Don't take} 24. Nxd5+ f6 $14) (24. Qd4 $1 $16 Bxf6 25. Bxf6+ Kg8 26. Bg7 (26. Bxd5 Qb6 $11)) 24... Qa8 25. h4 Qc6 {[%cal Re7f6]} 26. hxg5 Bxf6 $1 27. gxf6+ Kg6 28. Qf4 Re8 29. d4 {Hoping for c4.} Qxc2 30. Bxd5 Bf5 $1 31. Bf3 c6 32. g4 {The position is equal.} Bd3 33. Qh2 {Qh5+ would kill now.} Kh7 $1 {Threatens to win with ...Rg8.} ({Stronger than} 33... Qxb3 34. Qh5+ Kh7 35. g5 Qb1+ 36. Kh2 Qh1+ 37. Kxh1 Kh8 38. Qxh6+ Bh7 39. Qg7#) 34. Bf4 Qb1+ 35. Kg2 Bf1+ 36. Kg3 Qg6 {...Be2 is the strong threat.} 37. Bxc6 Re6 38. Qh1 Be2 39. g5 $1 {And now Bd5 would win.} Bd3 {aiming for ...Be4.} 40. Bf3 {Strongly threatening Bh5.} Rxf6 41. Qxh6+ Qxh6 42. gxh6 Rg6+ 43. Kh4 Rf6 44. Kg3 Rg6+ 45. Kh4 {Precision: White = 58%, Black = 62%.} 1/2-1/2

[Event "ROU-ch Men 2018"]
[Site "Olanesti"]
[Date "2018.05.22"]
[Round "9"]
[White "Secheres, Adrian-Simion"]
[Black "Manolache, Marius"]
[Result "1/2-1/2"]
[WhiteElo "2404"]
[BlackElo "2499"]
[Annotator "TA"]
[PlyCount "37"]
[EventDate "2018.??.??"]
[EventType "swiss"]
[EventCountry "ROU"]
[SourceTitle "playchess.com"]
[Source "ChessBase"]
[SourceQuality "1"]

{[%evp 14,37,68,47,75,33,45,21,35,20,43,18,18,14,31,36,15,21,31,21,44,36,56,39,51,47]} 1. d4 Nf6 2. c4 g6 3. Nc3 Bg7 4. e4 d6 5. f3 O-O 6. Be3 Nc6 7. Qd2 Re8 8. Nge2 {LiveBook: 34 Games. E83: King's Indian: Sämisch Panno (6...Nc6): Lines without either Nge2 or Qd2} Na5 $146 ({Predecessor:} 8... a6 9. h4 h5 10. O-O-O b5 11. Nd5 bxc4 12. Nxf6+ Bxf6 13. g4 hxg4 14. h5 g5 15. Bxg5 e5 16. Bxf6 Qxf6 17. fxg4 exd4 {1-0 (29) Lautier,J (2682)-Golubev,M (2484) Odessa 2006}) 9. Nc1 c5 10. dxc5 Be6 11. Nd5 dxc5 12. Nb3 Nxb3 13. axb3 Nd7 14. Be2 Bxd5 15. cxd5 Qb6 16. Bc4 a6 17. O-O {White is slightly better.} Qf6 18. Ra2 Qb6 19. Rd1 1/2-1/2

[Event "ROU-ch Men 2018"]
[Site "Olanesti"]
[Date "2018.05.22"]
[Round "9"]
[White "Manea, Alexandru"]
[Black "Ileana, George"]
[Result "1/2-1/2"]
[WhiteElo "2402"]
[BlackElo "2325"]
[Annotator "TA"]
[PlyCount "96"]
[EventDate "2018.??.??"]
[EventType "swiss"]
[EventCountry "ROU"]
[SourceTitle "playchess.com"]
[Source "ChessBase"]
[SourceQuality "1"]

{[%evp 10,96,50,0,15,0,14,-12,5,-23,-31,-26,-18,-30,-35,-58,0,0,-4,-25,0,-7,0,-25,-39,-39,-39,-32,-40,-78,-70,-87,-87,-87,-87,-87,-87,-93,-75,-75,-75,-88,-71,-81,-27,-27,-26,-22,-17,-38,-28,-45,-52,-30,0,0,0,-39,-41,-54,-36,-54,-58,-58,-58,-58,-55,-62,-53,-53,-54,-63,-48,-102,-71,-89,0,0,0,0,0,0,0,0,0,0,0,0,0]} 1. e4 c5 2. Nf3 d6 3. d4 cxd4 4. Nxd4 Nf6 5. Nc3 g6 6. h4 {LiveBook: 5 Games} Bg7 {B70: Sicilian Dragon: 6 g3 and 6 Be2 (without a later Be3)} 7. Bc4 Nc6 8. Nde2 Bd7 $146 ({Predecessor:} 8... a6 9. f3 b5 10. Bb3 Qb6 11. h5 Nxh5 12. Nd5 Qd8 13. g4 Nf6 14. Nxf6+ exf6 {0-1 (51) Ivanovic,B (2500)-Georgiev,K (2615) Budva 1996}) 9. Bg5 h6 10. Bf4 Ne5 11. Bb3 b5 12. Ng3 Nc4 (12... b4 $15 13. Bxe5 dxe5) 13. Bxc4 $1 $11 bxc4 14. Qd2 Qa5 15. O-O Be6 16. Rab1 Nh5 17. Nxh5 Qxh5 18. Nd5 Rc8 19. Bg3 Bxd5 20. Qxd5 Qxd5 21. exd5 Rc5 22. Rfd1 Kd7 23. Bf4 Rb8 24. b3 cxb3 25. Rxb3 Rbc8 26. Ra3 R8c7 ({Black should try} 26... a5 $17) 27. Be3 Rxc2 28. Bxa7 Rc1 29. Rxc1 Rxc1+ {[%mdl 4096] Endgame KRB-KRB} 30. Kh2 Rd1 31. Ra5 $1 e6 32. dxe6+ Kxe6 33. a4 d5 {[%cal Bd6d5,Bd5d4,Bd4d3][%mdl 32]} 34. Ra6+ Kf5 35. Kg3 Rd3+ 36. f3 Be5+ 37. Kf2 Rd2+ 38. Kf1 d4 39. Ra5 Ke6 {aiming for ...Bg3.} 40. Ra6+ Ke7 41. g4 {[#]} (41. Rb6 $15) 41... d3 $1 $17 42. Be3 Rh2 (42... Rd1+ $17 43. Kf2 Bc3 44. Bc5+ Kd7) 43. Ra7+ $11 {The position is equal.} Ke8 44. Ra8+ $1 Kd7 (44... Ke7 $5 45. Ra7+ $8 Kf6 $11) 45. Ra7+ Kc6 {Threatens to win with ...d2.} 46. Ra6+ Kb7 47. Rb6+ Ka8 {[#] ...d2 is the strong threat.} 48. Ra6+ Kb7 {Precision: White = 51%, Black = 59%.} 1/2-1/2

[Event "ROU-ch Men 2018"]
[Site "Olanesti"]
[Date "2018.05.22"]
[Round "9"]
[White "Posedaru, Bogdan"]
[Black "Banzea, Alexandru-Bogdan"]
[Result "1/2-1/2"]
[WhiteElo "2307"]
[BlackElo "2325"]
[Annotator "TA"]
[PlyCount "52"]
[EventDate "2018.??.??"]
[EventType "swiss"]
[EventCountry "ROU"]
[SourceTitle "playchess.com"]
[Source "ChessBase"]
[SourceQuality "1"]

{[%evp 21,52,16,7,15,13,5,14,7,0,4,40,48,50,59,52,52,53,54,61,58,51,54,64,63,71,64,76,32,33,48,25,32,58]} 1. d4 Nf6 2. Nf3 d5 3. c4 e6 4. Nc3 Nbd7 5. Bf4 dxc4 6. e3 Nd5 7. Bxc4 Nxf4 8. exf4 Nb6 {D37: Queen's Gambit Declined: 5 Bf4} (8... Bd6 9. g3 Nb6 10. Bb3 Bd7 11. O-O O-O 12. Qd3 Bc6 13. Rad1 Bxf3 14. Qxf3 c6 15. f5 exf5 16. Qxf5 g6 17. Qf3 a5 18. d5 a4 19. dxc6 axb3 20. cxb7 Rxa2 21. Nxa2 bxa2 22. Qc6 {1-0 (22) Ding,L (2777)-Khismatullin,D (2632) Riadh 2017}) 9. Bb3 g6 10. O-O Bg7 11. Qe2 O-O {LiveBook: 3 Games} 12. g3 $146 ({Predecessor:} 12. Rad1 a5 13. a3 a4 14. Bc2 Nd5 15. Qd2 Bd7 16. Ne5 Nxc3 17. Qxc3 {½-½ (33) Deac,B (2520)-Lupulescu,C (2628) Kavala 2016}) 12... Bd7 13. Ne5 Bc6 14. Nxc6 bxc6 15. Rfd1 Bxd4 16. Ne4 {[%cal Bc3e4,Be4c5,Bc5e6][%mdl 32]} c5 {[#]} 17. Nxc5 $1 {[%mdl 512]} Qe7 (17... Bxc5 18. Rxd8) 18. Nxe6 Bf6 19. Nd4 {Threatens to win with Qxe7.} Qxe2 20. Nxe2 Bxb2 {[#] Hoping for ...Rfe8.} 21. Rab1 Bg7 22. Rbc1 Rfe8 23. Kf1 Re7 24. Nc3 c6 25. Na4 Rc8 26. Nc5 Nd5 1/2-1/2

[Event "ROU-ch Men 2018"]
[Site "Olanesti"]
[Date "2018.05.22"]
[Round "9"]
[White "Pop, Alexandru"]
[Black "Gavrilescu, David"]
[Result "0-1"]
[WhiteElo "2302"]
[BlackElo "2442"]
[Annotator "TA"]
[PlyCount "120"]
[EventDate "2018.??.??"]
[EventType "swiss"]
[EventCountry "ROU"]
[SourceTitle "playchess.com"]
[Source "ChessBase"]
[SourceQuality "1"]

{[%evp 13,120,22,42,-9,-9,-14,8,-24,-17,-16,-24,-21,-31,-26,-26,-29,-31,-26,-30,-61,-54,-173,-166,-260,-237,-709,-700,-635,-336,-337,-320,-569,-554,-357,-92,-92,-93,-116,-123,-130,-72,-128,-123,-123,-116,-131,-129,-115,-103,-258,-264,-240,-218,-224,-187,-185,-182,-187,-166,-181,-168,-172,-169,-170,-175,-189,-183,-181,-158,-158,-127,-278,-275,-305,-316,-275,-221,-249,-244,-653,-202,-173,-187,-295,-219,-262,-272,-272,-258,-237,-225,-389,-311,-354,-321,-2179,-2218,-1305,-1604,-29943,-29947,-10302,-5427,-12812,-11745,-7108,-6087,-3185,-2319]} 1. d4 Nf6 2. c4 e6 3. Nf3 d5 4. Nc3 Bb4 5. Qa4+ Nc6 6. Bd2 O-O 7. e3 a6 {LiveBook: 84 Partien} 8. Be2 {D38: Damengambit (Ragosin-Verteidigung)} ({Lieber} 8. a3 $14 Bxc3 9. Bxc3) (8. c5 Bd7 9. Qc2 b6 10. cxb6 cxb6 11. Be2 Qb8 12. O-O Rc8 13. Rfc1 Na5 14. Qd1 Bd6 15. Rc2 Nc4 {0-1 (74) Hernandez Carmenates,H (2510)-Le,Q (2726) Philadelphia 2017}) 8... dxc4 $11 9. Bxc4 Bd6 10. Be2 $146 {Die Stellung ist ausgeglichen.} ({Vorgänger:} 10. Rd1 Qe7 11. Qc2 e5 12. dxe5 Nxe5 13. Ng5 g6 14. Bb3 Nc6 15. Nge4 Nb4 16. Nxf6+ Qxf6 {1-0 (48) Saric,S (2418)-Cabrilo,G (2492) Kragujevac 2009}) 10... e5 11. dxe5 Nxe5 12. Nxe5 Bxe5 13. f4 Bxc3 14. Bxc3 Qe7 15. Qd4 {und nun wäre Lb4 stark für Weiss.} Re8 16. Qe5 Qf8 17. Qxc7 ({Günstiger ist} 17. Qd4 $15 Rd8 18. Qb4) 17... Rxe3 $19 18. Bxf6 (18. Kf2 {war angesagt.} Re7 19. Qa5) 18... Bg4 $1 ({Schwächer ist} 18... gxf6 19. Kf2 $11) 19. Bc3 $2 (19. O-O Bxe2 20. Bc3 Bxf1 21. Rxf1) 19... Rxe2+ 20. Kf1 Rc8 21. Qb6 {beabsichtigt h3.} Rc4 22. h3 $2 (22. Re1 Rc6 23. Qd4) 22... Rxf4+ 23. Kg1 Bf5 $2 (23... Qe7 $19 {ist viel giftiger.} 24. Rh2 (24. hxg4 {führt zum Matt.} Rxg2+ 25. Kxg2 Qe2+ 26. Kh3 Qxg4+ 27. Kh2 Qh4+ 28. Kg2 Qg5+ 29. Kh3 Rh4#) 24... Bd7) 24. Rd1 $17 Rfe4 25. Kh2 Re6 $40 {[%mdl 128] Schwarz hat starken Angriff.} 26. Qc7 Rc6 ({Besser ist} 26... Rg6 {[%csl Ge2][%cal Rg6g2]} 27. Rhg1 Be4) 27. Qf4 (27. Qd8 $142) 27... Rg6 {[%csl Ge2][%cal Rg6g2]} 28. Rhg1 {[#]} Be4 $1 29. Rd2 Rxd2 30. Bxd2 Qe8 31. g3 $2 (31. Qf2 $17 {ist wohl besser.}) 31... Rf6 $19 32. Qe3 Re6 33. Qf2 Bd5 {Droht ...Te2 und aus.} 34. Re1 Bxa2 35. Rxe6 Qxe6 36. Qe3 Qd7 37. Bc3 f6 38. g4 h6 39. Qd4 Bd5 40. Kg3 Kf7 41. h4 Qe6 {[#]} 42. Qf4 $2 (42. g5 $1 $17 {[%mdl 512]}) 42... Qe2 {[%csl Gd5][%cal Re2g2]} 43. Qf2 Qd3+ 44. Kh2 Qe4 45. Kg3 b5 {[%cal Bb7b5,Bb5b4][%mdl 32]} 46. g5 $2 (46. Bd2) 46... hxg5 $2 (46... Kg6 47. Qf1 fxg5 48. hxg5 Qe3+ 49. Kh2 hxg5 50. Qb1+ Kh6) 47. hxg5 b4 48. Bd4 (48. Bd2 $142) 48... f5 49. Qf4 Qg2+ 50. Kh4 Qh1+ 51. Kg3 Kg6 {Und weiter mit ...Dg2+ wäre nett.} 52. Qf2 $2 (52. Kf2) 52... Kxg5 {[%csl Gg5][%cal Rh1h4]} 53. Qe3+ Kg6 {( -> ...Dg2+)} 54. Kf4 $2 (54. Kf2) 54... Qe4+ 55. Qxe4 Bxe4 {KL-KL} (55... fxe4 $2 56. Ke5 $17) 56. Bb6 b3 57. Bd8 Kh5 {Schwarz steht klar auf Gewinn.} 58. Be7 a5 {[%cal Ba6a5,Ba5a4][%mdl 32]} 59. Bd8 a4 60. Be7 {[#]} g5+ $1 {Precision: Weiß = 34%, Schwarz = 64%.} 0-1

[Event "ROU-ch Men 2018"]
[Site "Olanesti"]
[Date "2018.05.22"]
[Round "9"]
[White "Pisu, Robert-Daniel"]
[Black "Dobre, Claudiu-Cristian"]
[Result "1/2-1/2"]
[WhiteElo "2254"]
[BlackElo "2393"]
[Annotator "TA"]
[PlyCount "79"]
[EventDate "2018.??.??"]
[EventType "swiss"]
[EventCountry "ROU"]
[SourceTitle "playchess.com"]
[Source "ChessBase"]
[SourceQuality "1"]

{[%evp 20,79,0,0,6,-11,6,-8,-9,-9,-9,-5,-2,0,-9,-10,6,6,20,-19,73,43,38,45,47,31,28,19,19,21,31,27,25,0,29,22,24,5,7,0,2,2,2,3,66,72,76,90,89,72,83,18,20,14,20,15,41,39,67,31,37,49]} 1. d4 d5 2. c4 c6 3. cxd5 cxd5 4. Nc3 Nc6 5. Bf4 Nf6 6. e3 Bf5 7. Qb3 Na5 8. Qa4+ Bd7 9. Bb5 Nc6 {D10: Slav Defence: 3 cxd5 (without early Nf3) and 3 Nc3} (9... e6 10. Nf3 a6 11. Bxd7+ Nxd7 12. Ne5 b5 13. Qd1 Nxe5 14. Bxe5 Nc4 15. Qe2 Nxe5 16. dxe5 Bb4 17. Rc1 {½-½ (65) Ni,H (2671)-Eljanov,P (2711) Riadh 2017}) 10. Qb3 e6 11. Nf3 {LiveBook: 4 Games} Na5 $146 {The position is equal.} ({Predecessor:} 11... Be7 12. h3 O-O 13. O-O a6 14. Bd3 b5 15. Ne5 Nxe5 16. Bxe5 Bc6 17. Qc2 {0-1 (59) Paehtz,E (2452)-Gunina,V (2509) Beijing 2013}) 12. Bxd7+ Nxd7 13. Qb5 a6 14. Qd3 Rc8 15. O-O Be7 16. Rac1 O-O 17. Rc2 Nc4 18. Rfc1 Qa5 19. e4 Nf6 (19... dxe4 $11 {keeps the balance.} 20. Nxe4 (20. Qxe4 Bd6 $11) 20... Ncb6) 20. exd5 exd5 21. Bg5 Nd6 22. Bxf6 Bxf6 23. b4 Qxb4 24. Nxd5 Rxc2 25. Qxc2 (25. Nxb4 $2 {loses.} Rxc1+ 26. Qf1 Rxf1+ $19) 25... Qb5 26. Qc5 (26. Nxf6+ {seems wilder.} gxf6 27. Rb1 Qa5 28. Qc5 Qxc5 29. dxc5 Nb5 30. Rc1) 26... Qxc5 (26... Qd7 {feels hotter.} 27. Re1 Nf5 28. Nxf6+ gxf6 29. g4 Nd6) 27. Nxf6+ gxf6 28. Rxc5 $11 {[%mdl 4096] Endgame KRN-KRN} Rd8 29. Rc7 Nb5 30. Rxb7 Nxd4 31. Rb6 Ne2+ (31... a5 $11) 32. Kf1 $14 Nc3 33. Rxa6 Rd1+ 34. Ne1 Kg7 35. a4 (35. Ra3 $16 Rc1 36. f3) 35... Ra1 $11 36. a5 Nb5 37. Ke2 Nd4+ 38. Ke3 {White is slightly better.} Nb3 39. Nd3 Rxa5 40. Rxa5 {Precision: White = 48%, Black = 39%.} 1/2-1/2

[Event "ROU-ch Men 2018"]
[Site "Olanesti"]
[Date "2018.05.22"]
[Round "9"]
[White "Vasilescu, Lucian-Mihail"]
[Black "Stoleriu, George"]
[Result "0-1"]
[WhiteElo "2243"]
[BlackElo "2333"]
[Annotator "TA"]
[PlyCount "87"]
[EventDate "2018.??.??"]
[EventType "swiss"]
[EventCountry "ROU"]
[SourceTitle "playchess.com"]
[Source "ChessBase"]
[SourceQuality "1"]

{[%evp 11,87,-8,2,-13,-2,-8,-13,-33,-3,-5,10,0,43,44,46,36,37,4,20,9,14,3,10,8,13,0,43,0,0,-16,-16,-16,-16,-16,-16,-21,-24,-61,-66,-62,-53,-53,-53,-59,-43,-68,-50,-56,-40,-45,-45,-127,-117,-210,-122,-116,-108,-170,-161,-153,-160,-160,-148,-149,-149,-138,-133,-228,-225,-637,-637,-635,-634,-802,-777,-742,-556,-625]} 1. c4 e5 2. g3 Nc6 3. Bg2 g6 4. Nc3 Bg7 5. d3 d6 6. Bd2 Nge7 {LiveBook: 3 Games} 7. Rc1 {A26: English Opening vs King's Indian with ...Nc6 and d3} O-O $146 ({Predecessor:} 7... Nd4 8. Nf3 Nxf3+ 9. Bxf3 c6 10. O-O O-O 11. Qb3 f5 12. Bg2 f4 13. Ne4 Nf5 14. Qd1 Bh6 {1-0 (74) Gutman,L (2475)-Hergott,D (2305) Brussels 1987}) 8. Nd5 a5 9. a3 {The position is equal.} Be6 10. e3 {[%cal Be2e3,Be3e4][%mdl 32]} Qd7 11. Qa4 Ra7 12. Ne2 {[%cal Bg1e2,Be2c3,Bc3b5][%mdl 32]} Bf5 13. e4 Bh3 14. Nxe7+ (14. O-O {with more complications.} Bxg2 15. Kxg2 Qd8 16. Be3 Ra8 17. Qb5) 14... Nxe7 15. Qxd7 Bxd7 16. Be3 c5 17. Nc3 a4 18. Rb1 Bc6 19. Kd2 Nf5 20. Nb5 Ra5 21. b4 axb3 $1 22. Rxb3 Nxe3 23. Kxe3 Bxb5 24. cxb5 Rfa8 25. Ra1 Bh6+ 26. Ke2 Ra4 27. Bh3 Rd4 28. Bd7 Rd8 29. Bh3 c4 $36 {[%mdl 2048] Black is more active.} 30. dxc4 Rxe4+ 31. Kd3 (31. Kf1 $1 $15) 31... Rd4+ $17 32. Kc3 (32. Ke2 $17) 32... Bd2+ (32... d5 $19 33. cxd5 R8xd5) 33. Kb2 Rxc4 34. Bg2 {[#]} (34. Rd3 $17 Bg5 35. Rad1) 34... e4 $1 $19 {Threatens to win with ...Rdc8.} 35. Rd1 Bh6 {And now ...Rdc8 would win.} 36. Rb4 Bg7+ 37. Kb1 Rxb4+ 38. axb4 $17 {[%mdl 4096] Endgame KRB-KRB} f5 {[%cal Bf7f5,Bf5e4][%mdl 32]} 39. f3 {[#]} (39. Bf1 $17) 39... Ra8 $1 $19 {[%cal Ra8a1] Strongly threatening ...Ra1+.} 40. Rxd6 $2 (40. Bf1) 40... Ra1+ {Black is clearly winning.} 41. Kc2 Ra2+ 42. Kb3 Rxg2 43. fxe4 fxe4 44. Rd8+ {Precision: White = 36%, Black = 59%.} 0-1

[Event "ROU-ch Men 2018"]
[Site "Olanesti"]
[Date "2018.05.22"]
[Round "9"]
[White "Ciobanu, Viorel-Adrian"]
[Black "Cotruta, Alexandru-Mihai"]
[Result "1-0"]
[WhiteElo "2196"]
[BlackElo "1776"]
[Annotator "TA"]
[PlyCount "61"]
[EventDate "2018.??.??"]
[EventType "swiss"]
[EventCountry "ROU"]
[SourceTitle "playchess.com"]
[Source "ChessBase"]
[SourceQuality "1"]

{[%evp 9,61,56,57,55,54,47,57,35,68,33,106,88,137,128,150,138,141,55,101,93,125,118,230,228,212,228,302,274,278,272,296,300,276,244,346,343,339,337,403,96,644,615,608,568,558,337,902,680,989,727,1401,1401,1843,1814]} 1. e4 c5 2. d4 cxd4 3. c3 d3 4. Bxd3 Qc7 (4... Nc6 5. c4 g6 6. Nf3 Bg7 7. O-O d6 8. h3 Nf6 9. Nc3 Nd7 10. Nd5 O-O 11. Rb1 e6 12. Ne3 a5 13. Bc2 Nc5 14. a3 f5 15. exf5 gxf5 {1-0 (42) Berg,E (2539)-Blomqvist,E (2503) Gothenburg 2013}) 5. Nf3 e6 6. O-O {B21: Sizilianisch (Morra-Gambit 2.d4 und 2.f4)} d6 7. Na3 a6 8. Bf4 {Weiß steht etwas besser.} Nd7 9. Qa4 Ngf6 $146 ({Besser ist} 9... Rb8 $14) ({Vorgänger:} 9... Rb8 10. Nc4 b5 11. Qa5 Nb6 12. Nxb6 Qxb6 13. Qb4 Nf6 {1-0 (29) Schalkwijk,P-Asilkefeli,M LSS email 2007}) 10. e5 $1 $16 {[%cal Re5f6]} Nd5 11. exd6 Bxd6 12. Bxd6 Qxd6 {[#]} 13. Rad1 (13. Qd4 $1 $16 {Droht stark c4.} Qf4 14. Qxg7) 13... Qf4 {[#]} 14. Be4 $1 $36 {[%mdl 2048] zielt auf g3 ab. Schwarz muss aufpassen.} f5 15. Bc2 Qh6 (15... Qxa4 $16 {ist wohl besser.} 16. Bxa4 O-O) 16. c4 $18 N5f6 17. Qb4 Kf7 18. Rfe1 Re8 19. Qd6 g6 20. c5 Qf8 21. Nc4 {Und weiter mit c6 wäre nett.} Nxc5 (21... Kg8 {ist eine bessere Verteidigung.} 22. Rxe6 Qxd6 23. Rexd6 (23. Rdxd6 Rxe6 24. Rxe6 Nxc5 $16) 23... Ne4 24. Bxe4 (24. Rxd7 Bxd7 25. Rxd7 Nxc5 $16) 24... Rxe4) 22. Qc7+ Kg8 23. Nd6 Rd8 {beabsichtigt ...Sd5.} 24. Ne4 $2 (24. Qxc5 $18 Ne8 25. Nxe8 Qxc5 26. Rxd8) 24... fxe4 $4 {[%mdl 8192]} (24... Nd5 $16 25. Qxc5 fxe4 26. Qxf8+ Rxf8) 25. Rxd8 Ne8 26. Rxe8 ({Und nicht} 26. Rxc8 Nxc7 27. Rxf8+ Rxf8 $11) 26... Qxe8 27. Ng5 {[%cal Bf3g5,Bg5e4,Be4f6][%mdl 32]} ({Weniger gut wäre} 27. Qxc5 exf3 28. gxf3 Bd7 $16) 27... Nd7 $2 (27... Bd7 28. Qxc5 (28. Nxe4 Nxe4 29. Bxe4 Bc6 $16) 28... Rc8) 28. Rd1 {Weiß steht klar auf Gewinn.} b5 29. Nxe4 Rb8 {[#]} 30. Rxd7 $1 {[%mdl 512]} Qxd7 (30... Bxd7 31. Nf6+) 31. Nf6+ {Precision: Weiß = 52%, Schwarz = 35%.} 1-0

[Event "ROU-ch Men 2018"]
[Site "Olanesti"]
[Date "2018.05.22"]
[Round "9"]
[White "Dumitru, Matei-Ioan"]
[Black "Iustin, Silviu"]
[Result "1/2-1/2"]
[WhiteElo "2164"]
[BlackElo "1962"]
[Annotator "TA"]
[PlyCount "32"]
[EventDate "2018.??.??"]
[EventType "swiss"]
[EventCountry "ROU"]
[SourceTitle "playchess.com"]
[Source "ChessBase"]
[SourceQuality "1"]

{[%evp 18,32,-50,-64,-20,-59,-57,-87,-88,-88,-67,-325,-62,-57,-59,-56,-44]} 1. e4 e6 2. d4 d5 3. Nc3 Nf6 4. e5 Nfd7 5. Nf3 c5 6. dxc5 Nc6 7. Bf4 Nxc5 8. h4 {[%cal Bh2h4,Bh4h5][%mdl 32] C11: French: Classical System: 4 e5 and 4 Bg5 dxe4} Be7 9. h5 a6 (9... f5 10. Rh3 O-O 11. Nb5 Ne4 12. c3 Qb6 13. Be3 Qa5 14. Nbd4 f4 15. Bd2 Qc7 16. Nxc6 bxc6 {1-0 (61) Nepomniachtchi,I (2718)-Ding,L (2680) St Petersburg 2012}) 10. Bd3 {LiveBook: 6 Games} f5 11. exf6 Bxf6 {White must now prevent ...e5.} 12. Qe2 $146 ({Predecessor:} 12. h6 g6 13. Qe2 O-O 14. Ne5 Bxe5 15. Bxe5 d4 {0-1 (40) Jurkovic,H (2370)-Martin,A (2160) Schwarzach 1999}) 12... O-O {Hoping for ...Bxc3+.} 13. Bg3 Qb6 14. Nd1 $2 {[%mdl 8192] [#]} ({White must play} 14. O-O-O $15) 14... Bxb2 $2 (14... e5 $1 $19 {[%cal Re5e4][%mdl 512] Strongly threatening ...e4.} 15. Nxe5 Bxe5 16. Bxe5 Nxd3+ 17. cxd3 Re8) 15. Nxb2 $15 Qxb2 16. O-O Nxd3 1/2-1/2

[Event "ROU-ch Men 2018"]
[Site "Olanesti"]
[Date "2018.05.22"]
[Round "9"]
[White "Horvat, Dan-Sebastian"]
[Black "Coca, Cristi-Iulian"]
[Result "1/2-1/2"]
[WhiteElo "2152"]
[BlackElo "2003"]
[Annotator "TA"]
[PlyCount "76"]
[EventDate "2018.??.??"]
[EventType "swiss"]
[EventCountry "ROU"]
[SourceTitle "playchess.com"]
[Source "ChessBase"]
[SourceQuality "1"]

{[%evp 11,76,0,0,-9,0,-19,-22,-24,-20,-12,-10,-19,-19,-20,0,-21,-4,-22,0,-12,24,26,29,15,39,18,39,49,63,68,70,-25,0,0,0,0,0,-43,-41,-61,0,0,0,0,0,0,0,0,0,0,0,0,0,0,0,0,0,0,0,0,0,-8,0,-8,0,0,0]} 1. d4 Nf6 2. Nf3 g6 3. Bf4 Bg7 4. e3 O-O 5. Bd3 d6 6. h3 Nc6 7. c3 {A48: 1 d4 Nf6 2 Nf3 g6: Torre, London and Colle Systems} Re8 {[#] Threatens to win with ...e5.} 8. e4 (8. Bh2 e5 9. dxe5 dxe5 10. e4 Nh5 11. O-O a6 12. Bc4 Na5 13. Nbd2 Nf4 14. Qc2 Nxc4 15. Nxc4 {0-1 (36) Bolourchifard,F (2314)-Ghaem Maghami,E (2540) Khomeyn 2017}) 8... e5 9. dxe5 $1 Nxe5 10. Nxe5 dxe5 11. Be3 Nh5 $146 ({Predecessor:} 11... Be6 12. Qe2 Nd7 13. Nd2 Qe7 14. Nb3 a5 15. Bc4 a4 16. Bxe6 Qxe6 17. Nc5 Nxc5 18. Bxc5 Qc6 19. Ba3 Rad8 {½-½ (19) Gottkehaskamp,S (1925)-Langhanke,G (2035) Germany 2013}) 12. g3 Bd7 13. Be2 Nf6 14. Nd2 Bc6 15. Qc2 Nd7 16. O-O Qe7 17. Kh2 Rad8 18. a4 Rf8 19. Bb5 f5 20. Bxc6 bxc6 21. f4 ({Better is} 21. Bxa7 $14 f4 22. Qb3+ Kh8 23. Nc4) 21... Bh6 22. b4 exf4 23. Bxf4 Bxf4 24. gxf4 (24. Rxf4 {is interesting.} Ne5 25. Raf1 Nd3 26. R4f3 fxe4 27. Qa2+) 24... Nf6 {[%cal Rf5e4]} 25. Rae1 Nxe4 (25... Nh5 $15) 26. Nxe4 $11 {The position is equal.} fxe4 27. Qxe4 Qxe4 28. Rxe4 $15 {[%mdl 4096] Endgame KRR-KRR} Rd3 29. Rc4 Re8 30. Rxc6 Re2+ 31. Kg1 Rg3+ 32. Kh1 Rxh3+ 33. Kg1 Rg3+ 34. Kh1 Rh3+ 35. Kg1 Rhh2 {[%csl Gh2][%cal Re2g2] [#]} 36. Rf3 Reg2+ 37. Kf1 Ra2 {[%cal Rh2h1]} 38. Kg1 Rhg2+ {Precision: White = 61%, Black = 50%.} 1/2-1/2